00467nam a2200169 a 4500001001300000003000900013005001700022008004100039020002300080082001300103100002300116245003800139260004700177300001000224500003500234650002800269nice12345678IN_TiNIC20260116014535.0130520s2012 kola grp 000 0 eng  a9788186954911c49500a254bCHA aChaudhuri, Supriya aPetrarchb The Self and the World aKolkata bJadavpur Unviersity Press c2012 a240p  aincludes index and biblioraphy aItalian Essays-Petrarch